| 000 | 01000nam a2200289 a 4500 | ||
|---|---|---|---|
| 001 | 24652 | ||
| 003 | CO-ViMGA | ||
| 008 | 141112s2004 ck r 000 u spa d | ||
| 015 | _ack - 2007 - xxxx | ||
| 020 | _a9789586485081 | ||
| 040 |
_aCO-ViMGA _bspa _cCO-ViMGA |
||
| 041 |
_aspa _beng |
||
| 082 | 0 | 4 | _a745.51C188g |
| 100 | 1 |
_aCastellanos Alvarado, Sandra Lizeth _936729 |
|
| 245 | 1 | 0 |
_aGuadua (lambú) : _bsubparámetros de producción y transformación de la guadua laminada aplicados al diseño industrial / _cSandra Castellanos A., Diana Godoy A. |
| 250 | _a1a. ed. | ||
| 260 |
_aBogotá : _bEcoe Ediciones, _c2007. |
||
| 300 | _a177 p. : il. ; 24 cm. | ||
| 490 | _aTextos universitarios. Ecología y medio ambiente | ||
| 596 | _a5 7 | ||
| 650 | 1 | 4 |
_aBambú en la construcción _91523 |
| 650 | 1 | 4 |
_aGuadua - Aplicaciones industriales _936730 |
| 650 | 1 | 4 |
_aViviendas en guadua _936731 |
| 700 | 1 |
_aGodoy Acosta, Diana Carolina _936732 |
|
| 917 | _a6107 20070903 | ||
| 942 |
_2ddc _cBK |
||
| 999 |
_c32464 _d32464 |
||